000 00373pab a2200157 454500
008 180718b2003 xxu||||| |||| 00| 0 eng d
100 _aMahadevappa, B.
245 _aCompeting definitions of quality
260 _c2003
300 _ap.258-64.
362 _aJul-Sep
650 _aQuality control
700 _aKotreshwar, G.
773 _aProductivity
909 _a59676
999 _c59676
_d59676